[Event "Eastpointe (MI Action/2/24)"]
[Site "?"]
[Date "1993.??.??"]
[Round "?"]
[White "Woods, O."]
[Black "Kielb, M."]
[Result "0-1"]
[WhiteElo "1605"]
[BlackElo "1605"]
[PlyCount "92"]
[EventDate "1993.??.??"]

{2/(24)} 1. e4 c5 2. Nf3 d6 3. Nc3 Nf6 4. d4 cxd4 5. Nxd4 e5 6. Nf3 Nc6 7. Bc4
h6 8. O-O Be7 9. b3 O-O 10. Ba3 Bg4 11. Be2 Nd4 12. Nxd4 Bxe2 13. Qxe2 exd4 14.
Nb5 Qa5 15. Bxd6 Bxd6 16. Nxd6 Rab8 17. Qb5 Qxb5 18. Nxb5 a6 19. Nxd4 Nxe4 20.
Rfe1 Rfe8 21. f3 Rbd8 22. Rxe4 Rxe4 23. fxe4 Rxd4 24. Re1 Rd2 25. Rc1 Re2 26.
Rd1 Rxe4 27. Rd8+ Kh7 28. c4 f5 29. Rb8 b5 30. cxb5 axb5 31. Rxb5 f4 32. a4 g5
33. a5 g4 34. a6 g3 35. hxg3 fxg3 36. Kf1 Rf4+ 37. Ke2 Rd4 38. Kf1 Rf4+ 39. Ke2
Rf2+ 40. Ke3 Rxg2 41. a7 Ra2 42. Rb7+ Kg6 43. Rb8 Rxa7 44. Rg8+ Kh5 45. Rxg3
Rb7 46. Kd4 Rb4+ 0-1

[Event "Eastpointe (MI Action/5/20)"]
[Site "?"]
[Date "1993.??.??"]
[Round "?"]
[White "Woods, O."]
[Black "Davis, Victor"]
[Result "1/2-1/2"]
[WhiteElo "1605"]
[BlackElo "1605"]
[PlyCount "53"]
[EventDate "1993.??.??"]

{5/(20)} 1. e4 d6 2. d4 Nf6 3. Nf3 Nxe4 4. Qe2 d5 5. Nc3 e6 6. Nxe4 dxe4 7.
Qxe4 Qd5 8. Qxd5 exd5 9. Bd3 Bd6 10. O-O O-O 11. c4 dxc4 12. Bxc4 Nc6 13. Rd1
Bg4 14. Bd5 Ne7 15. Bxb7 Rab8 16. Be4 f5 17. Bc2 Bxf3 18. gxf3 Nd5 19. Bb3 c6
20. Bxd5+ cxd5 21. b3 Rfc8 22. Kh1 Rc2 23. Be3 Bb4 24. Rg1 Rbc8 25. Bh6 g6 26.
Rac1 Rxc1 27. Rxc1 1/2-1/2

[Event "Lansing (MI Am/3)"]
[Site "?"]
[Date "1993.??.??"]
[Round "?"]
[White "Woods, I."]
[Black "Velasquez, A."]
[Result "0-1"]
[WhiteElo "1605"]
[BlackElo "1605"]
[PlyCount "96"]
[EventDate "1993.??.??"]

1. c4 c5 2. Nc3 Nc6 3. Nf3 d6 4. g3 Nf6 5. d4 cxd4 6. Nxd4 g6 7. Bg2 Bg7 8. e4
O-O 9. O-O Qb6 10. Be3 Nxd4 11. Bxd4 Qc7 12. b3 Bd7 13. Re1 e5 14. Be3 a6 15.
Rc1 Rfd8 16. Bg5 Bc6 17. a4 h6 18. Bxf6 Bxf6 19. Nd5 Bxd5 20. cxd5 Qb6 21. Qc2
Bg5 22. Rb1 Rac8 23. Qd3 Qb4 24. Bh3 Rc3 25. Qe2 Rxb3 26. Rxb3 Qxb3 27. Qd1
Qxd1 28. Rxd1 Rb8 29. Bd7 b5 30. axb5 axb5 31. Rb1 b4 32. Ba4 Bd2 33. Kf1 Rc8
34. Ke2 Bc3 35. Rc1 Rc4 36. Kd3 Rd4+ 37. Ke3 Bd2+ 38. Ke2 Bxc1 39. f3 f5 40.
exf5 gxf5 41. h4 e4 42. fxe4 fxe4 43. g4 Kg7 44. g5 hxg5 45. hxg5 Bxg5 46. Ke1
Rd2 47. Kf1 e3 48. Bb5 b3 0-1

[Event "Lansing (MI Am/1)"]
[Site "?"]
[Date "1993.??.??"]
[Round "?"]
[White "Woods, I."]
[Black "Rostrom, Richard"]
[Result "0-1"]
[WhiteElo "1605"]
[BlackElo "1610"]
[PlyCount "76"]
[EventDate "1993.??.??"]

1. c4 Nf6 2. Nc3 g6 3. g3 Bg7 4. Bg2 O-O 5. Nf3 d6 6. d4 e5 7. dxe5 dxe5 8.
Qxd8 Rxd8 9. Nxe5 Re8 10. Nd7 Nbxd7 11. O-O c6 12. b4 Rb8 13. Bf4 Ra8 14. e3
Nh5 15. Rac1 Nxf4 16. exf4 Rb8 17. a4 Nf8 18. b5 Bd7 19. Rfd1 Bg4 20. Rf1 cxb5
21. cxb5 b6 22. f3 Be6 23. Ne4 Red8 24. Rc7 Rd7 25. Rxd7 Nxd7 26. Rc1 Bd4+ 27.
Kf1 Nc5 28. Nxc5 bxc5 29. g4 Bb3 30. f5 Kg7 31. a5 Rxb5 32. fxg6 hxg6 33. a6
Ra5 34. Rb1 Bc4+ 35. Ke1 Rxa6 36. Bf1 Bxf1 37. Kxf1 Ra2 38. h4 Rf2+ 0-1

[Event "East Lansing (MOR/1b/23)"]
[Site "?"]
[Date "1993.??.??"]
[Round "?"]
[White "Woods, I."]
[Black "Neely, Richard"]
[Result "0-1"]
[WhiteElo "1605"]
[BlackElo "1605"]
[PlyCount "62"]
[EventDate "1993.??.??"]

1. e4 d6 2. d4 Nf6 3. Nc3 g6 4. Nf3 Bg7 5. Bd3 O-O 6. O-O Nc6 7. Be3 Bg4 8. d5
Ne5 9. b4 c6 10. h3 Nxf3+ 11. gxf3 Bxh3 12. Re1 Nd7 13. Bd2 Ne5 14. f4 Ng4 15.
Qf3 Nxf2 16. Qxf2 Qd7 17. f5 gxf5 18. exf5 c5 19. a3 Bd4 20. Be3 Bxc3 21. Qg3+
Kh8 22. Qxh3 Rg8+ 23. Kh1 Bxa1 24. Rxa1 Rg7 25. Rg1 Rag8 26. Rxg7 Rxg7 27. bxc5
dxc5 28. Bxc5 Qxd5+ 29. Kh2 Qxc5 30. f6 Qf2+ 31. Kh1 Rg1# 0-1

[Event "East Lansing (MOR/6/50)"]
[Site "?"]
[Date "1993.??.??"]
[Round "?"]
[White "Woods, I."]
[Black "LaFerriere, Larry"]
[Result "1-0"]
[WhiteElo "1605"]
[BlackElo "1605"]
[PlyCount "89"]
[EventDate "1993.??.??"]

{6/(50)} 1. e4 e5 2. Nf3 Nc6 3. Bb5 d5 4. Bxc6+ bxc6 5. exd5 Qxd5 6. Nc3 Qc5 7.
Qe2 Bd6 8. d4 Qa5 9. dxe5 Bg4 10. h3 Qxe5 11. Qxe5+ Bxe5 12. hxg4 Bd6 13. Be3
Nf6 14. g5 Ng4 15. Bd4 O-O 16. O-O-O Bf4+ 17. Kb1 Rab8 18. Rh4 f5 19. gxf6 Nxf6
20. Rxf4 Nd5 21. Rxf8+ Rxf8 22. Nxd5 cxd5 23. Bxa7 Re8 24. b3 g5 25. Nxg5 Re7
26. Rxd5 c6 27. Rd8+ Kg7 28. Be3 Kf6 29. Rd6+ Ke5 30. Rxc6 Kf5 31. Rh6 Rxe3 32.
fxe3 Kxg5 33. Rxh7 Kg6 34. Rd7 Kf6 35. Rd1 Ke5 36. c4 Ke4 37. c5 Kxe3 38. c6
Ke2 39. Kc1 Kf2 40. c7 Kxg2 41. c8=Q Kg3 42. Qf8 Kh3 43. Qg8 Kh2 44. Re1 Kh3
45. Rh1# 1-0

[Event "Flint (MI Jr/2)"]
[Site "?"]
[Date "1993.??.??"]
[Round "?"]
[White "Woods, I."]
[Black "Kenworthy, Mark"]
[Result "1-0"]
[WhiteElo "1605"]
[BlackElo "1605"]
[PlyCount "137"]
[EventDate "1993.??.??"]

1. c4 c5 2. Nc3 e6 3. e4 Nc6 4. Nf3 e5 5. d3 Nd4 6. Nxe5 Bd6 7. Qh5 Qf6 8. Ng4
Qe7 9. Nd5 g6 10. Nxe7 gxh5 11. Kd2 Bxe7 12. b3 d6 13. Ne3 Bg5 14. Bb2 Nf6 15.
b4 Ng4 16. bxc5 dxc5 17. Re1 Nxf2 18. Rg1 Bh4 19. Rc1 Bh3 20. Bxd4 cxd4 21.
gxh3 dxe3+ 22. Ke2 O-O-O 23. Rc3 Nxd3 24. Rxd3 Bf2 25. Rg5 Rxd3 26. Kxd3 Rd8+
27. Rd5 Re8 28. Rxh5 Re6 29. Rxh7 Ra6 30. Rxf7 Ra3+ 31. Ke2 Rxa2+ 32. Kf3 a5
33. e5 Kd8 34. e6 Ke8 35. Rxb7 Ra3 36. e7 Bh4 37. c5 Bxe7 38. c6 Kd8 39. Ba6
Bd6 40. Rd7+ Ke8 41. Rxd6 Rc3 42. Bb5 Rc5 43. c7+ Ke7 44. Rd7+ Ke6 45. Kxe3
Rc3+ 46. Kd4 Rc1 47. Ke3 Rc3+ 48. Ke4 Rc5 49. Rd8 Rxc7 50. Ra8 Rc5 51. Ra6+ Ke7
52. Rxa5 Kd6 53. Ra6+ Ke7 54. h4 Rxb5 55. Rg6 Rb4+ 56. Ke5 Rb5+ 57. Kf4 Kf7 58.
Rg5 Rb6 59. h5 Ke6 60. Rg6+ Kf7 61. Rxb6 Kg7 62. h6+ Kh7 63. Kg5 Kg8 64. Kg6
Kf8 65. h7 Ke7 66. h8=Q Kd7 67. Qh7+ Kc8 68. Rb7 Kd8 69. Rb8# 1-0

[Event "East Lansing (MOR/4/48)"]
[Site "?"]
[Date "1993.??.??"]
[Round "?"]
[White "Woods, I."]
[Black "Gregg, Ted"]
[Result "0-1"]
[WhiteElo "1605"]
[BlackElo "1605"]
[PlyCount "36"]
[EventDate "1993.??.??"]

{4/(48)} 1. e4 e5 2. Nf3 Nc6 3. Bb5 a6 4. Ba4 Nf6 5. Nc3 b5 6. Bb3 Be7 7. O-O
O-O 8. d4 exd4 9. Nxd4 Ne5 10. Bf4 d6 11. Nd5 Bb7 12. Re1 c5 13. Nxf6+ Bxf6 14.
Bd5 Bxd5 15. exd5 cxd4 16. Qxd4 Nf3+ 17. gxf3 Bxd4 18. c3 Bf6 0-1

[Event "Lansing (MI Am/5)"]
[Site "?"]
[Date "1993.??.??"]
[Round "?"]
[White "Woods, I."]
[Black "Endres, John"]
[Result "0-1"]
[WhiteElo "1605"]
[BlackElo "1605"]
[PlyCount "60"]
[EventDate "1993.??.??"]

1. c4 Nf6 2. Nc3 g6 3. g3 Bg7 4. Nf3 O-O 5. Bg2 c5 6. O-O Nc6 7. d4 d5 8. dxc5
dxc4 9. e4 Bg4 10. Qxd8 Rfxd8 11. Bg5 Rac8 12. Rfd1 h6 13. Bxf6 Bxf6 14. h3
Bxf3 15. Bxf3 Ne5 16. Bg4 Nxg4 17. hxg4 e6 18. Rac1 Bg5 19. f4 Bf6 20. e5 Be7
21. Rxd8+ Rxd8 22. Na4 Rd4 23. b3 cxb3 24. axb3 Rd3 25. c6 bxc6 26. Rxc6 Rxg3+
27. Kf2 Bh4 28. Rc8+ Kg7 29. b4 Rc3+ 30. Kg2 Rxc8 0-1

[Event "Flint (MI Jr/5)"]
[Site "?"]
[Date "1993.??.??"]
[Round "?"]
[White "Woods, I."]
[Black "Charette, K."]
[Result "0-1"]
[WhiteElo "1605"]
[BlackElo "1605"]
[PlyCount "84"]
[EventDate "1993.??.??"]

1. c4 e5 2. Nc3 Nf6 3. g3 Be7 4. Bg2 O-O 5. d4 d6 6. d5 c6 7. dxc6 Nxc6 8. e4
Be6 9. Nf3 d5 10. exd5 Bxd5 11. O-O Bxc4 12. Qxd8 Raxd8 13. Rd1 Rxd1+ 14. Nxd1
e4 15. Nh4 Rd8 16. Bg5 Re8 17. Nc3 h6 18. Bxf6 Bxf6 19. Bxe4 Bxc3 20. bxc3 Rxe4
21. Rb1 Bd5 22. Nf5 Na5 23. f3 Re2 24. Rb5 Re1+ 25. Kf2 Re5 26. g4 Nc6 27. f4
Re4 28. Rxd5 Rxf4+ 29. Kg2 Rc4 30. Rd3 b5 31. h4 g5 32. Nxh6+ Kg7 33. hxg5 b4
34. cxb4 Nxb4 35. Nf5+ Kg6 36. Ra3 Kxg5 37. Ne3 Re4 38. Kf3 Re7 39. Ra5+ Kg6
40. Ra4 Nc6 41. Ra6 Re6 42. a4 Nd4+ 0-1

[Event "Lansing (MI Am/4)"]
[Site "?"]
[Date "1993.??.??"]
[Round "?"]
[White "Woods, I."]
[Black "Banks, David"]
[Result "1-0"]
[WhiteElo "1605"]
[BlackElo "1605"]
[PlyCount "91"]
[EventDate "1993.??.??"]

1. c4 e5 2. Nc3 Nf6 3. g3 d5 4. cxd5 Nxd5 5. Nf3 c6 6. Nxe5 Qe7 7. Nf3 Bg4 8.
Bg2 Qd7 9. O-O Bf5 10. e4 Nxc3 11. dxc3 Qxd1 12. Rxd1 Bxe4 13. Rd4 Bxf3 14.
Bxf3 Be7 15. b4 O-O 16. b5 Bc5 17. Rd2 a6 18. bxc6 bxc6 19. a4 a5 20. Ba3 Bxa3
21. Rxa3 Ra6 22. c4 Rb6 23. c5 Rb1+ 24. Rd1 Rb2 25. Rd6 Re8 26. Bxc6 Nxc6 27.
Rxc6 g6 28. Rb6 Re1+ 29. Kg2 Rc2 30. Rb5 Ree2 31. Rf3 h5 32. h3 f5 33. h4 Re4
34. Rxa5 Kh7 35. Rf4 Re1 36. Rb5 Rcc1 37. a5 Rh1 38. a6 Rcg1+ 39. Kf3 Rh3 40.
a7 Rgxg3+ 41. fxg3 Kh6 42. a8=Q Kg7 43. Rb7+ Kf6 44. Qe8 g5 45. Qe7+ Kg6 46.
Qg7# 1-0

[Event "Ann Arbor (HV Mini)"]
[Site "?"]
[Date "1993.??.??"]
[Round "?"]
[White "Wong, A."]
[Black "Walquist, Elaine"]
[Result "1-0"]
[WhiteElo "1675"]
[BlackElo "1605"]
[PlyCount "59"]
[EventDate "1993.??.??"]

1. e4 c5 2. Nf3 Nc6 3. d4 cxd4 4. c3 dxc3 5. Nxc3 d6 6. Bc4 Nf6 7. O-O e6 8.
Qe2 h6 9. Rd1 Nd7 10. Bf4 e5 11. Be3 Be7 12. Nb5 Nf6 13. Bc5 O-O 14. Bxd6 Bxd6
15. Nxd6 Nd4 16. Nxd4 exd4 17. Rxd4 Qb6 18. Rad1 Bd7 19. e5 Ne8 20. Nxf7 Be6
21. Nxh6+ gxh6 22. Qg4+ Ng7 23. Rd7 Rf7 24. Rxf7 Bxf7 25. Bxf7+ Kxf7 26. Rd7+
Ke8 27. Qxg7 Qe6 28. Rxb7 Kd8 29. Qf8+ Qe8 30. Qd6+ 1-0

[Event "Lansing (MI Am/3)"]
[Site "?"]
[Date "1993.??.??"]
[Round "?"]
[White "Wisckol, Richard"]
[Black "Snuske, R."]
[Result "1-0"]
[WhiteElo "1850"]
[BlackElo "1605"]
[PlyCount "85"]
[EventDate "1993.??.??"]

1. c4 e5 2. Nc3 Nf6 3. g3 c6 4. Bg2 Be7 5. e3 d6 6. Nge2 Be6 7. b3 Nbd7 8. O-O
Qc7 9. d4 d5 10. dxe5 Nxe5 11. cxd5 O-O-O 12. Nf4 Bg4 13. f3 Bd7 14. Bb2 Bd6
15. Rc1 a6 16. Qe2 c5 17. Rfd1 Ng6 18. Ne4 Nxe4 19. fxe4 Ne5 20. Bxe5 Bxe5 21.
Nd3 Bd6 22. Qb2 f6 23. Qc2 b6 24. a4 a5 25. Qe2 h5 26. Nf4 Bxf4 27. Qa6+ Qb7
28. Qxb7+ Kxb7 29. exf4 Rhe8 30. Re1 Bc8 31. e5 Ka7 32. d6 Bb7 33. Rcd1 fxe5
34. fxe5 Bxg2 35. Kxg2 Re6 36. Kf3 Kb7 37. Ke4 Kc6 38. Rf1 Rde8 39. Rd5 g6 40.
Rf7 b5 41. Rc7+ Kb6 42. Rcxc5 Rxd6 43. Rxb5+ 1-0

[Event "Flint (Class A/4)"]
[Site "?"]
[Date "1993.??.??"]
[Round "?"]
[White "Wisckol, Richard"]
[Black "Skidmore, Jennifer"]
[Result "1-0"]
[WhiteElo "1800"]
[BlackElo "1900"]
[PlyCount "145"]
[EventDate "1993.??.??"]

1. c4 e5 2. Nc3 Nc6 3. g3 f5 4. Bg2 Nf6 5. e3 Be7 6. Nge2 O-O 7. O-O d6 8. d4
Bd7 9. b3 a6 10. Bb2 Qe8 11. dxe5 dxe5 12. Nd5 Rc8 13. Nec3 Bd6 14. Nxf6+ Rxf6
15. Qe2 Rh6 16. Rad1 Qf8 17. c5 Bxc5 18. Rxd7 f4 19. Ne4 Be7 20. exf4 Qf5 21.
Rd5 Qf7 22. Bxe5 Re8 23. Rd7 Qf5 24. Rfd1 Nxe5 25. fxe5 Qxe5 26. Qc4+ Kf8 27.
Qd5 Qb2 28. Ng5 Qf6 29. Qf3 Qxf3 30. Nxf3 Bd6 31. Nd4 b6 32. Nf5 Rf6 33. Nxd6
cxd6 34. Kf1 Ree6 35. Bh3 Re5 36. R7xd6 Rh5 37. Rxf6+ gxf6 38. Kg2 Ke7 39. Rd7+
Ke8 40. Rd6 Ra5 41. a4 b5 42. axb5 axb5 43. Rd5 h6 44. b4 Ra6 45. Rxb5 Ke7 46.
Rb7+ Kd6 47. b5 Ra5 48. Bd7 h5 49. Bc6 f5 50. Rh7 h4 51. Rxh4 Ra2 52. Rb4 Re2
53. Rf4 Re5 54. h4 Kc7 55. h5 Kd6 56. h6 Re7 57. Rxf5 Kc7 58. Rh5 Rh7 59. g4
Kd6 60. g5 Kc7 61. g6 Re7 62. g7 Kb6 63. g8=Q Ka5 64. Qa2+ Kb6 65. Qa6+ Kc7 66.
Qa7+ Kd6 67. Qxe7+ Kxe7 68. h7 Kf7 69. h8=Q Kg6 70. Qh6+ Kf7 71. Rg5 Ke7 72.
Rg7+ Kf8 73. Qh8# 1-0

[Event "East Lansing (MI Op/7/24)"]
[Site "?"]
[Date "1993.??.??"]
[Round "?"]
[White "Wisckol, Richard"]
[Black "Skidmore, Jennifer"]
[Result "0-1"]
[WhiteElo "1830"]
[BlackElo "1950"]
[PlyCount "76"]
[EventDate "1993.??.??"]

{7/(24)} 1. c4 e5 2. Nc3 Nc6 3. g3 f5 4. Bg2 Nf6 5. e3 Be7 6. Nge2 O-O 7. O-O
a6 8. d4 d6 9. a3 Qe8 10. dxe5 dxe5 11. Nd5 Nxd5 12. cxd5 Nb8 13. Nc3 Qg6 14.
Qe2 Bd6 15. f4 e4 16. Bd2 Nd7 17. Rfd1 Nf6 18. Rac1 b5 19. Be1 Bb7 20. b4 Qf7
21. Rd4 Nxd5 22. Nxe4 fxe4 23. Bxe4 Rae8 24. Qf3 c6 25. Rcd1 Bb8 26. Bf2 Ba7
27. R4d2 Qe6 28. Bb1 Bxe3 29. Bxe3 Qxe3+ 30. Qxe3 Nxe3 31. Re1 Nd5 32. Rde2
Rxe2 33. Rxe2 Nc3 34. Re7 Nxb1 35. Rxb7 Nxa3 36. Rb6 Nc2 37. Rxa6 Nxb4 38. Rb6
Rc8 0-1

[Event "Flint (Class A/3)"]
[Site "?"]
[Date "1993.??.??"]
[Round "?"]
[White "Wisckol, Richard"]
[Black "Michailoff, M."]
[Result "1-0"]
[WhiteElo "1800"]
[BlackElo "1905"]
[PlyCount "75"]
[EventDate "1993.??.??"]

1. c4 e5 2. Nc3 Nc6 3. g3 d6 4. Bg2 Nf6 5. e3 Be6 6. Nd5 Bxd5 7. cxd5 Ne7 8.
Qb3 Rb8 9. Ne2 c6 10. dxc6 bxc6 11. Qa4 Qc7 12. O-O d5 13. b3 Ng6 14. Bb2 Bd6
15. Rfc1 Ne7 16. Ba3 Bxa3 17. Qxa3 O-O 18. Qc5 Ne4 19. Bxe4 dxe4 20. Nc3 f5 21.
Nd5 Nxd5 22. Qxd5+ cxd5 23. Rxc7 Rbc8 24. Rac1 Ra8 25. b4 g5 26. b5 Rf7 27. a4
Raf8 28. a5 f4 29. Rxf7 Rxf7 30. b6 axb6 31. axb6 Rf6 32. b7 Rb6 33. Rc8+ Kf7
34. b8=Q Rxb8 35. Rxb8 Kg6 36. gxf4 exf4 37. exf4 gxf4 38. Rd8 1-0

[Event "Lansing (MI Am/5)"]
[Site "?"]
[Date "1993.??.??"]
[Round "?"]
[White "Wisckol, Richard"]
[Black "McCarter, Robert"]
[Result "1-0"]
[WhiteElo "1850"]
[BlackElo "1715"]
[PlyCount "120"]
[EventDate "1993.??.??"]

1. c4 Nf6 2. Nc3 g6 3. d4 Bg7 4. e4 d6 5. f3 O-O 6. Be3 Nbd7 7. Qd2 c5 8. Nge2
a6 9. Rd1 cxd4 10. Nxd4 Qc7 11. Be2 Ne5 12. b3 Bd7 13. O-O Nc6 14. Rc1 Nxd4 15.
Bxd4 Bc6 16. Nd5 Bxd5 17. cxd5 Qd7 18. Rc3 Rfc8 19. Rfc1 Ne8 20. Bxg7 Nxg7 21.
Qc2 Rxc3 22. Qxc3 Ne8 23. h3 Qd8 24. f4 Qb6+ 25. Kf1 Rd8 26. Bf3 Rb8 27. g4 Qd8
28. g5 e6 29. dxe6 fxe6 30. Bg4 Qe7 31. Qc4 Ng7 32. Qc7 Re8 33. Ke2 d5 34. Qxe7
Rxe7 35. exd5 exd5+ 36. Kd3 Nf5 37. Bxf5 gxf5 38. Kd4 Re4+ 39. Kxd5 Rxf4 40.
Rc7 Rb4 41. Ke5 Rb5+ 42. Kf6 Rb6+ 43. Kxf5 Rb5+ 44. Kg4 Rb4+ 45. Rc4 Rb6 46. h4
h6 47. gxh6 Rxh6 48. Rc8+ Kf7 49. Rc7+ Kf8 50. Rxb7 Rg6+ 51. Kf5 Rg2 52. a4
Rf2+ 53. Ke5 Rh2 54. Kd5 Rxh4 55. Kc5 Ke8 56. Kb6 Rh6+ 57. Ka5 Rh5+ 58. Kxa6
Kd8 59. b4 Kc8 60. a5 Rh6+ 1-0

[Event "East Lansing (MI Op/2/34)"]
[Site "?"]
[Date "1993.??.??"]
[Round "?"]
[White "Wisckol, Richard"]
[Black "Malingkas, R."]
[Result "1/2-1/2"]
[WhiteElo "1830"]
[BlackElo "1935"]
[PlyCount "74"]
[EventDate "1993.??.??"]

{2/(34)} 1. c4 Nf6 2. Nc3 g6 3. e4 d6 4. d4 Bg7 5. f3 O-O 6. Be3 e5 7. Nge2 Nc6
8. d5 Ne7 9. g4 c6 10. Ng3 cxd5 11. cxd5 Ne8 12. Qd2 f5 13. gxf5 gxf5 14. Nh5
f4 15. Bf2 Ng6 16. Nxg7 Kxg7 17. O-O-O Bd7 18. Kb1 a6 19. Rc1 Rc8 20. h4 h5 21.
Bh3 Bxh3 22. Rxh3 b5 23. a3 Rg8 24. Rh2 Nf6 25. Na2 Ne7 26. Nb4 a5 27. Rg2+ Kf7
28. Rxc8 Qxc8 29. Rxg8 Nfxg8 30. Nc6 Nxc6 31. dxc6 Qxc6 32. Qxa5 Ne7 33. Qc3
Qxc3 34. bxc3 Ke6 35. Kc2 d5 36. Kd3 Nc6 37. Bb6 Ne7 1/2-1/2

[Event "East Lansing (MI Op/4/23)"]
[Site "?"]
[Date "1993.??.??"]
[Round "?"]
[White "Wisckol, Richard"]
[Black "Levine, H."]
[Result "0-1"]
[WhiteElo "1830"]
[BlackElo "1965"]
[PlyCount "87"]
[EventDate "1993.??.??"]

{4/(23)} 1. c4 e5 2. Nc3 Nf6 3. g3 d5 4. cxd5 Nxd5 5. Bg2 Nb6 6. e3 Nc6 7. a3
a5 8. b3 Be6 9. Nge2 Be7 10. O-O Bf6 11. Bb2 Qd7 12. Qc2 Bf5 13. Be4 Bxe4 14.
Nxe4 Be7 15. Rfd1 Qg4 16. N4c3 Rd8 17. Qe4 Qxe4 18. Nxe4 f5 19. N4c3 Bf6 20. d3
Kf7 21. Nb5 Rd7 22. Rac1 Rhd8 23. d4 exd4 24. exd4 Nd5 25. Kf1 Nce7 26. Rc2 c6
27. Nbc3 Nb6 28. Rcd2 Ng6 29. Ke1 Bg5 30. f4 Bf6 31. Kf2 Ne7 32. Rd3 Ned5 33.
Nxd5 Nxd5 34. Rc1 Nc7 35. Rc5 Rd5 36. Rxd5 Rxd5 37. Ke3 Rd8 38. Rd1 Ke7 39. Kd3
Nb5 40. a4 Nc7 41. Bc3 b6 42. h3 Nd5 43. g4 g6 44. g5 {[Remainder illegible;
0-1, 52?]} 0-1

[Event "Lansing (MI Am/1)"]
[Site "?"]
[Date "1993.??.??"]
[Round "?"]
[White "Wisckol, Richard"]
[Black "Endres, John"]
[Result "1-0"]
[WhiteElo "1850"]
[BlackElo "1605"]
[PlyCount "25"]
[EventDate "1993.??.??"]

1. c4 Nf6 2. Nc3 Nc6 3. d4 e6 4. Nf3 g6 5. e4 d5 6. e5 Nd7 7. cxd5 exd5 8. Nxd5
Nb6 9. Nf6+ Ke7 10. Bg5 Ke6 11. Qb3+ Nd5 12. Bc4 Bb4+ 13. Kf1 1-0

[Event "Flint (MI Jr/1)"]
[Site "?"]
[Date "1993.??.??"]
[Round "?"]
[White "Winkelspecht, A."]
[Black "Zuniga, Jesus"]
[Result "1-0"]
[WhiteElo "1605"]
[BlackElo "1605"]
[PlyCount "53"]
[EventDate "1993.??.??"]

1. d4 Nf6 2. e3 g6 3. Bd3 Bg7 4. Nf3 d6 5. O-O O-O 6. Re1 Nc6 7. c3 e6 8. Nbd2
Bd7 9. e4 Re8 10. Nf1 e5 11. d5 Ne7 12. h3 c5 13. c4 h6 14. b3 Qa5 15. Bd2 Qc7
16. Ng3 Nh7 17. Nh4 Rac8 18. Qc1 a5 19. Bxh6 Bxh6 20. Qxh6 f6 21. Nxg6 Nxg6 22.
Qxg6+ Kh8 23. Nf5 Bxf5 24. Qxf5 Qg7 25. Re3 Rg8 26. Rg3 Ng5 27. h4 1-0

[Event "Flint (MI Jr/3)"]
[Site "?"]
[Date "1993.??.??"]
[Round "?"]
[White "Winkelspecht, A."]
[Black "Truong, M."]
[Result "1/2-1/2"]
[WhiteElo "1605"]
[BlackElo "1605"]
[PlyCount "63"]
[EventDate "1993.??.??"]

1. d4 Nf6 2. e3 d5 3. Bd3 c6 4. Nf3 Bg4 5. Nbd2 e6 6. O-O Bd6 7. c3 Nbd7 8. Re1
O-O 9. h3 Bh5 10. e4 dxe4 11. Nxe4 Nxe4 12. Bxe4 Nf6 13. Bg5 h6 14. Bxf6 Qxf6
15. Qd3 Bxf3 16. Qxf3 Qxf3 17. Bxf3 Rad8 18. g4 g5 19. Kg2 Bf4 20. Re4 Rd6 21.
Rae1 Kg7 22. h4 Kf6 23. h5 Rc8 24. Bd1 c5 25. dxc5 Rxc5 26. Bb3 Re5 27. Rxe5
Bxe5 28. Rd1 Rxd1 29. Bxd1 Ke7 30. Kf3 f5 31. Ke3 Kf6 32. f3 1/2-1/2

[Event "East Lansing (MOR/4/14)"]
[Site "?"]
[Date "1993.??.??"]
[Round "?"]
[White "Winkelspecht, A."]
[Black "Sundeen, David"]
[Result "1-0"]
[WhiteElo "1605"]
[BlackElo "1695"]
[PlyCount "47"]
[EventDate "1993.??.??"]

{4/(14)} 1. d4 Nf6 2. e3 g6 3. c4 Bg7 4. Nc3 O-O 5. Nf3 d6 6. Bd3 Nc6 7. d5 Nb4
8. O-O Nxd3 9. Qxd3 e5 10. h3 Ne8 11. Nh2 f5 12. f3 Nf6 13. Rf2 Nh5 14. Ne2 f4
15. exf4 exf4 16. Ng4 Qe7 17. Nd4 Ng3 18. Bd2 Bxg4 19. fxg4 Bxd4 20. Qxd4 Ne2+
21. Rxe2 Qxe2 22. Re1 f3 23. Rxe2 fxe2 24. Bc3 1-0

[Event "Flint (MI Jr/5)"]
[Site "?"]
[Date "1993.??.??"]
[Round "?"]
[White "Winkelspecht, A."]
[Black "Mannor, Keith"]
[Result "1-0"]
[WhiteElo "1605"]
[BlackElo "1605"]
[PlyCount "57"]
[EventDate "1993.??.??"]

1. d4 d5 2. e3 Bf5 3. Bd3 Bxd3 4. Qxd3 Nc6 5. c3 e6 6. Nf3 Bd6 7. O-O Nf6 8.
Re1 Ne4 9. Nbd2 Ng5 10. e4 dxe4 11. Nxe4 Nxf3+ 12. Qxf3 Qe7 13. d5 Ne5 14. Qd1
O-O-O 15. dxe6 Qxe6 16. Bf4 Be7 17. Qa4 a6 18. Ng5 Bxg5 19. Rxe5 Qd7 20. Qxd7+
Rxd7 21. Rxg5 Rhd8 22. Re5 Rd1+ 23. Re1 Rxa1 24. Rxa1 Re8 25. Kf1 Re4 26. Be3
c6 27. Rd1 Ra4 28. Bb6 Rxa2 29. Rd8# 1-0

[Event "East Lansing (MOR/2/7)"]
[Site "?"]
[Date "1993.??.??"]
[Round "?"]
[White "Winkelspecht, A."]
[Black "Calton, David A"]
[Result "0-1"]
[WhiteElo "1605"]
[BlackElo "1750"]
[PlyCount "70"]
[EventDate "1993.??.??"]

{2/(7)} 1. d4 g6 2. e3 Bg7 3. c4 d6 4. Nc3 Nc6 5. Bd3 e5 6. d5 Nce7 7. e4 f5 8.
f3 Nf6 9. Nge2 O-O 10. O-O Bd7 11. b4 a6 12. Bb2 Qe8 13. a4 b6 14. Qc2 a5 15.
b5 f4 16. Nd1 g5 17. Bc3 h5 18. h3 Qg6 19. Nc1 Kf7 20. Qf2 g4 21. fxg4 hxg4 22.
hxg4 Nxg4 23. Qf3 Rh8 24. Qe2 Qh6 25. Qxg4 Bxg4 26. Ne2 Bxe2 27. Bxe2 Qh2+ 28.
Kf2 Qg3+ 29. Kg1 Rh2 30. Rf2 Rah8 31. Bh5+ R8xh5 32. Kf1 Rh1+ 33. Ke2 Rxd1 34.
Rxd1 Qe3+ 35. Kf1 Rh1# 0-1

[Event "East Lansing (MOR/6/13)"]
[Site "?"]
[Date "1993.??.??"]
[Round "?"]
[White "Winkelspecht, A."]
[Black "Brooks, Brion"]
[Result "1/2-1/2"]
[WhiteElo "1605"]
[BlackElo "1770"]
[PlyCount "122"]
[EventDate "1993.??.??"]

{6/(13)} 1. d4 Nf6 2. e3 b6 3. c4 e6 4. Nc3 Bb4 5. Bd2 O-O 6. a3 Bxc3 7. Bxc3
Ne4 8. Qc2 f5 9. Nf3 Nxc3 10. Qxc3 Bb7 11. Be2 d6 12. O-O Nd7 13. b4 c5 14. b5
Nf6 15. Nd2 Rc8 16. Bf3 cxd4 17. exd4 Ne4 18. Nxe4 Bxe4 19. Be2 Qf6 20. Rfc1 e5
21. dxe5 dxe5 22. Qb3 Rc5 23. Rc3 Rfc8 24. Rac1 f4 25. f3 Bf5 26. Bd3 Bxd3 27.
Rxd3 Qe6 28. Rdc3 e4 29. fxe4 Qxe4 30. Qc2 Qxc2 31. R1xc2 g5 32. Kf2 Kf7 33.
Kf3 Kg6 34. g4 fxg3 35. Kxg3 h5 36. h3 R8c7 37. a4 Kf5 38. Kf3 Ke5 39. Ke3 g4
40. hxg4 hxg4 41. Rc1 g3 42. R3c2 g2 43. Rxg2 Rxc4 44. Rxc4 Rxc4 45. Ra2 Kd5
46. Kd3 Kc5 47. Ra1 Rd4+ 48. Kc3 Rg4 49. a5 Rg3+ 50. Kb2 Kxb5 51. axb6 axb6 52.
Rc1 Kb4 53. Rc2 b5 54. Ka2 Rc3 55. Rb2+ Kc4 56. Kb1 b4 57. Ra2 b3 58. Ra4+ Kb5
59. Rg4 Rc4 60. Rxc4 Kxc4 61. Kb2 Kb4 1/2-1/2

[Event "Lansing (MI Am/5)"]
[Site "?"]
[Date "1993.??.??"]
[Round "?"]
[White "Wilson, D."]
[Black "Smeckert, Dennis"]
[Result "1-0"]
[WhiteElo "1625"]
[BlackElo "1605"]
[PlyCount "59"]
[EventDate "1993.??.??"]

1. e4 e5 2. Nf3 Nc6 3. Bb5 f5 4. exf5 e4 5. Qe2 Qe7 6. Ng5 Qxg5 7. Qxe4+ Qe7 8.
Bxc6 Qxe4+ 9. Bxe4 Nf6 10. d3 d5 11. Bf3 Bxf5 12. O-O O-O-O 13. Nc3 a6 14. a3
h6 15. b4 g5 16. Bb2 Rh7 17. Na4 Bg7 18. Rfe1 d4 19. Nc5 c6 20. Ne6 Bxe6 21.
Rxe6 Nd5 22. Be4 Nf4 23. Re7 Bf6 24. Rxh7 Ne2+ 25. Kf1 Nc3 26. Bf5+ Kb8 27.
Rxh6 Be5 28. Re1 Bf4 29. Bc1 Rf8 30. Bxf4+ 1-0

[Event "Lansing (MI Am/1)"]
[Site "?"]
[Date "1993.??.??"]
[Round "?"]
[White "Wilson, D."]
[Black "Krzyston, Joe"]
[Result "1-0"]
[WhiteElo "1625"]
[BlackElo "1605"]
[PlyCount "51"]
[EventDate "1993.??.??"]

1. e4 e5 2. Bc4 Nf6 3. Nc3 Bc5 4. Nf3 Nc6 5. d3 O-O 6. h3 d6 7. Bg5 Na5 8. Nd5
Be6 9. Nxf6+ gxf6 10. Bh6 Re8 11. Nh4 Nxc4 12. dxc4 c6 13. Nf5 Bxf5 14. exf5
Kh8 15. Qh5 Bxf2+ 16. Kxf2 Qb6+ 17. Kf1 Rg8 18. Qxf7 Qd8 19. Rd1 Rc8 20. Rxd6
Qc7 21. Qxf6+ Qg7 22. Bxg7+ Rxg7 23. Qxe5 h6 24. Rxh6+ Kg8 25. Qe6+ Kf8 26.
Qxc8+ 1-0